00433nam a2200121Ia 4500008004100000041000800041082001500049100002300064245002700087260006900114999001900183952010900202231129s2009 xx 000 0 und d aeng a658.45/PRA aReymond V. Lesikar aBusiness Communication aTata Mc Graw- Hill New DelhibTata Mc Graw- Hill New Delhic2009 c935963d935963 00104070aDMMbDMMd2023-11-30g465.00l0o658.45/PRApDMM-PG1018r2023-11-30 00:00:00w2023-11-30yBK